000 00862nam a2200217 u 4500
005 20220816140312.0
008 190129s2016 r 000 0 eng d
020 _a9786078441877
035 _aUPN01000228699
049 _aCG
050 4 _aHV6250.4 Y6.8
_bS2.4
100 1 _aSalazar Gutiérrez, Salvador
_942550
245 1 0 _aJóvenes, violencia(s) y contexto fronterizo :
_bla construcción sociocultural de la relación vida-muerte en colectivos juveniles, Ciudad Juárez, México /
_cSalvador Salazar Gutiérrez.
260 _aCiudad de México :
_bColofón :
_bUACJ,
_c2016.
300 _a219 p. :
_bil., gráfs., cuadros
650 4 _aDELITOS CONTRA LA JUVENTUD -
_zCIUDAD JUAREZ, CHIHUAHUA
_927379
650 4 _aJOVENES Y VIOLENCIA -
_zMEXICO
_922199
650 7 _aJóvenes
_zMéxico
_xCondiciones sociales
_2
_921104
905 _aLibro
999 _c200794
_d200794